<?xml version="1.0" encoding="UTF-8"?>
<record
    xmlns:xsi="http://www.w3.org/2001/XMLSchema-instance"
    xsi:schemaLocation="http://www.loc.gov/MARC21/slim http://www.loc.gov/standards/marcxml/schema/MARC21slim.xsd"
    xmlns="http://www.loc.gov/MARC21/slim">

  <leader>     nam a22     7a 4500</leader>
  <datafield tag="999" ind1=" " ind2=" ">
    <subfield code="c">46493</subfield>
    <subfield code="d">46493</subfield>
  </datafield>
  <controlfield tag="003">OSt</controlfield>
  <controlfield tag="005">20190417105949.0</controlfield>
  <controlfield tag="008">190417b        xxu||||| |||| 00| 0 eng d</controlfield>
  <datafield tag="040" ind1=" " ind2=" ">
    <subfield code="c">IIMT COLLEGE OF LAW,GREATER NOIDA</subfield>
  </datafield>
  <datafield tag="100" ind1=" " ind2=" ">
    <subfield code="a">TRIPATHI,G.P.</subfield>
  </datafield>
  <datafield tag="245" ind1=" " ind2=" ">
    <subfield code="a">THE TRANSFER OF PROPERTY ACT</subfield>
  </datafield>
  <datafield tag="260" ind1=" " ind2=" ">
    <subfield code="a">NEW DELHI</subfield>
    <subfield code="b">C.L.P.</subfield>
    <subfield code="c">2016</subfield>
  </datafield>
  <datafield tag="300" ind1=" " ind2=" ">
    <subfield code="a">732</subfield>
  </datafield>
  <datafield tag="942" ind1=" " ind2=" ">
    <subfield code="2">ddc</subfield>
    <subfield code="c">02</subfield>
  </datafield>
  <datafield tag="952" ind1=" " ind2=" ">
    <subfield code="0">0</subfield>
    <subfield code="1">0</subfield>
    <subfield code="2">ddc</subfield>
    <subfield code="4">0</subfield>
    <subfield code="7">0</subfield>
    <subfield code="a">11</subfield>
    <subfield code="b">11</subfield>
    <subfield code="d">2019-04-17</subfield>
    <subfield code="e">BANSAL</subfield>
    <subfield code="g">460.00</subfield>
    <subfield code="i">6057,17/01/2018</subfield>
    <subfield code="l">0</subfield>
    <subfield code="p">11-B-4858</subfield>
    <subfield code="r">2019-04-17</subfield>
    <subfield code="w">2019-04-17</subfield>
    <subfield code="y">02</subfield>
  </datafield>
  <datafield tag="952" ind1=" " ind2=" ">
    <subfield code="0">0</subfield>
    <subfield code="1">0</subfield>
    <subfield code="2">ddc</subfield>
    <subfield code="4">0</subfield>
    <subfield code="7">0</subfield>
    <subfield code="a">11</subfield>
    <subfield code="b">11</subfield>
    <subfield code="d">2019-04-17</subfield>
    <subfield code="e">BANSAL</subfield>
    <subfield code="g">460.00</subfield>
    <subfield code="i">6057,17/01/2018</subfield>
    <subfield code="l">1</subfield>
    <subfield code="p">11-B-4859</subfield>
    <subfield code="r">2021-08-25</subfield>
    <subfield code="s">2021-04-12</subfield>
    <subfield code="w">2019-04-17</subfield>
    <subfield code="y">02</subfield>
  </datafield>
  <datafield tag="952" ind1=" " ind2=" ">
    <subfield code="0">0</subfield>
    <subfield code="1">0</subfield>
    <subfield code="2">ddc</subfield>
    <subfield code="4">0</subfield>
    <subfield code="7">0</subfield>
    <subfield code="a">11</subfield>
    <subfield code="b">11</subfield>
    <subfield code="d">2019-04-17</subfield>
    <subfield code="e">BANSAL</subfield>
    <subfield code="g">460.00</subfield>
    <subfield code="i">6057,17/01/2018</subfield>
    <subfield code="l">1</subfield>
    <subfield code="p">11-B-4860</subfield>
    <subfield code="r">2022-03-26</subfield>
    <subfield code="s">2021-12-24</subfield>
    <subfield code="w">2019-04-17</subfield>
    <subfield code="y">02</subfield>
  </datafield>
  <datafield tag="952" ind1=" " ind2=" ">
    <subfield code="0">0</subfield>
    <subfield code="1">0</subfield>
    <subfield code="2">ddc</subfield>
    <subfield code="4">0</subfield>
    <subfield code="7">0</subfield>
    <subfield code="a">11</subfield>
    <subfield code="b">11</subfield>
    <subfield code="d">2019-04-17</subfield>
    <subfield code="e">BANSAL</subfield>
    <subfield code="g">460.00</subfield>
    <subfield code="i">6057,17/01/2018</subfield>
    <subfield code="l">2</subfield>
    <subfield code="p">11-B-4861</subfield>
    <subfield code="r">2024-03-13</subfield>
    <subfield code="s">2023-10-04</subfield>
    <subfield code="w">2019-04-17</subfield>
    <subfield code="y">02</subfield>
  </datafield>
  <datafield tag="952" ind1=" " ind2=" ">
    <subfield code="0">0</subfield>
    <subfield code="1">0</subfield>
    <subfield code="2">ddc</subfield>
    <subfield code="4">0</subfield>
    <subfield code="7">0</subfield>
    <subfield code="a">11</subfield>
    <subfield code="b">11</subfield>
    <subfield code="d">2019-04-17</subfield>
    <subfield code="e">BANSAL</subfield>
    <subfield code="g">460.00</subfield>
    <subfield code="i">6057,17/01/2018</subfield>
    <subfield code="l">2</subfield>
    <subfield code="p">11-B-4862</subfield>
    <subfield code="r">2025-01-07</subfield>
    <subfield code="s">2024-10-17</subfield>
    <subfield code="w">2019-04-17</subfield>
    <subfield code="y">02</subfield>
  </datafield>
  <datafield tag="952" ind1=" " ind2=" ">
    <subfield code="0">0</subfield>
    <subfield code="1">0</subfield>
    <subfield code="2">ddc</subfield>
    <subfield code="4">0</subfield>
    <subfield code="7">0</subfield>
    <subfield code="a">11</subfield>
    <subfield code="b">11</subfield>
    <subfield code="d">2019-04-17</subfield>
    <subfield code="e">BANSAL</subfield>
    <subfield code="g">460.00</subfield>
    <subfield code="i">6057,17/01/2018</subfield>
    <subfield code="l">0</subfield>
    <subfield code="p">11-B-4863</subfield>
    <subfield code="r">2019-04-17</subfield>
    <subfield code="w">2019-04-17</subfield>
    <subfield code="y">02</subfield>
  </datafield>
  <datafield tag="952" ind1=" " ind2=" ">
    <subfield code="0">0</subfield>
    <subfield code="1">0</subfield>
    <subfield code="2">ddc</subfield>
    <subfield code="4">0</subfield>
    <subfield code="7">0</subfield>
    <subfield code="a">11</subfield>
    <subfield code="b">11</subfield>
    <subfield code="d">2019-04-17</subfield>
    <subfield code="e">BANSAL</subfield>
    <subfield code="g">460.00</subfield>
    <subfield code="i">6057,17/01/2018</subfield>
    <subfield code="l">0</subfield>
    <subfield code="p">11-B-4864</subfield>
    <subfield code="r">2019-04-17</subfield>
    <subfield code="w">2019-04-17</subfield>
    <subfield code="y">02</subfield>
  </datafield>
  <datafield tag="952" ind1=" " ind2=" ">
    <subfield code="0">0</subfield>
    <subfield code="1">0</subfield>
    <subfield code="2">ddc</subfield>
    <subfield code="4">0</subfield>
    <subfield code="7">0</subfield>
    <subfield code="a">11</subfield>
    <subfield code="b">11</subfield>
    <subfield code="d">2019-04-17</subfield>
    <subfield code="e">BANSAL</subfield>
    <subfield code="g">460.00</subfield>
    <subfield code="i">6057,17/01/2018</subfield>
    <subfield code="l">0</subfield>
    <subfield code="p">11-B-4865</subfield>
    <subfield code="r">2019-04-17</subfield>
    <subfield code="w">2019-04-17</subfield>
    <subfield code="y">02</subfield>
  </datafield>
  <datafield tag="952" ind1=" " ind2=" ">
    <subfield code="0">0</subfield>
    <subfield code="1">0</subfield>
    <subfield code="2">ddc</subfield>
    <subfield code="4">0</subfield>
    <subfield code="7">0</subfield>
    <subfield code="a">11</subfield>
    <subfield code="b">11</subfield>
    <subfield code="d">2019-04-17</subfield>
    <subfield code="e">BANSAL</subfield>
    <subfield code="g">460.00</subfield>
    <subfield code="i">6057,17/01/2018</subfield>
    <subfield code="l">0</subfield>
    <subfield code="p">11-B-4866</subfield>
    <subfield code="r">2019-04-17</subfield>
    <subfield code="w">2019-04-17</subfield>
    <subfield code="y">02</subfield>
  </datafield>
  <datafield tag="952" ind1=" " ind2=" ">
    <subfield code="0">0</subfield>
    <subfield code="1">0</subfield>
    <subfield code="2">ddc</subfield>
    <subfield code="4">0</subfield>
    <subfield code="7">0</subfield>
    <subfield code="a">11</subfield>
    <subfield code="b">11</subfield>
    <subfield code="d">2019-04-17</subfield>
    <subfield code="e">BANSAL</subfield>
    <subfield code="g">460.00</subfield>
    <subfield code="i">6057,17/01/2018</subfield>
    <subfield code="l">0</subfield>
    <subfield code="p">11-B-4867</subfield>
    <subfield code="r">2019-04-17</subfield>
    <subfield code="w">2019-04-17</subfield>
    <subfield code="y">02</subfield>
  </datafield>
  <datafield tag="952" ind1=" " ind2=" ">
    <subfield code="0">0</subfield>
    <subfield code="1">0</subfield>
    <subfield code="2">ddc</subfield>
    <subfield code="4">0</subfield>
    <subfield code="7">0</subfield>
    <subfield code="a">11</subfield>
    <subfield code="b">11</subfield>
    <subfield code="d">2019-04-17</subfield>
    <subfield code="e">BANSAL</subfield>
    <subfield code="g">460.00</subfield>
    <subfield code="i">6057,17/01/2018</subfield>
    <subfield code="l">0</subfield>
    <subfield code="p">11-B-4868</subfield>
    <subfield code="r">2019-04-17</subfield>
    <subfield code="w">2019-04-17</subfield>
    <subfield code="y">02</subfield>
  </datafield>
  <datafield tag="952" ind1=" " ind2=" ">
    <subfield code="0">0</subfield>
    <subfield code="1">0</subfield>
    <subfield code="2">ddc</subfield>
    <subfield code="4">0</subfield>
    <subfield code="7">0</subfield>
    <subfield code="a">11</subfield>
    <subfield code="b">11</subfield>
    <subfield code="d">2019-04-17</subfield>
    <subfield code="e">BANSAL</subfield>
    <subfield code="g">460.00</subfield>
    <subfield code="i">6057,17/01/2018</subfield>
    <subfield code="l">0</subfield>
    <subfield code="p">11-B-4869</subfield>
    <subfield code="r">2019-04-17</subfield>
    <subfield code="w">2019-04-17</subfield>
    <subfield code="y">02</subfield>
  </datafield>
  <datafield tag="952" ind1=" " ind2=" ">
    <subfield code="0">0</subfield>
    <subfield code="1">0</subfield>
    <subfield code="2">ddc</subfield>
    <subfield code="4">0</subfield>
    <subfield code="7">0</subfield>
    <subfield code="a">11</subfield>
    <subfield code="b">11</subfield>
    <subfield code="d">2019-04-17</subfield>
    <subfield code="e">BANSAL</subfield>
    <subfield code="g">460.00</subfield>
    <subfield code="i">6057,17/01/2018</subfield>
    <subfield code="l">0</subfield>
    <subfield code="p">11-B-4870</subfield>
    <subfield code="r">2019-04-17</subfield>
    <subfield code="w">2019-04-17</subfield>
    <subfield code="y">02</subfield>
  </datafield>
  <datafield tag="952" ind1=" " ind2=" ">
    <subfield code="0">0</subfield>
    <subfield code="1">0</subfield>
    <subfield code="2">ddc</subfield>
    <subfield code="4">0</subfield>
    <subfield code="7">0</subfield>
    <subfield code="a">11</subfield>
    <subfield code="b">11</subfield>
    <subfield code="d">2019-04-17</subfield>
    <subfield code="e">BANSAL</subfield>
    <subfield code="g">460.00</subfield>
    <subfield code="i">6057,17/01/2018</subfield>
    <subfield code="l">0</subfield>
    <subfield code="p">11-B-4871</subfield>
    <subfield code="r">2019-04-17</subfield>
    <subfield code="w">2019-04-17</subfield>
    <subfield code="y">02</subfield>
  </datafield>
</record>
